Las Diputaciones Provinciales en España : historia política de las diputaciones desde 1812 hasta 1985 / J. A. González Casanova historia política de las diputaciones desde 1812 hasta 1985 / J. A. González Casanova
Descripción Física:
189 p. ; 22 cm
MARC
| LEADER | 00000nam a2200000Ia 4500 | ||
|---|---|---|---|
| 001 | 7653 | ||
| 008 | 160829s1986 xx 000 0 cat d | ||
| 080 | |a M-2-106 | ||
| 100 | 1 | |a González Casanova, J. A. |q (Josep Antoni), |d 1935-2021 |9 27886 | |
| 245 | |a Las Diputaciones Provinciales en España : |b historia política de las diputaciones desde 1812 hasta 1985 / J. A. González Casanova | ||
| 260 | |a Madrid : |b Mancomunidad General de Diputaciones de Régimen Comun, |c 1986 | ||
| 300 | |a 189 p. ; |c 22 cm | ||
| 650 | |a Diputacions províncials |x Història |x 1812/1985 |9 48835 | ||
| 901 | |a Arxiu | ||
| 942 | |n 1 | ||
| 952 | |0 0 |1 0 |4 0 |6 M2106 |7 1 |9 44584 |a Arxiu |b Arxiu |d 2016-12-01 |l 0 |o M-2-106 |p 7653 |r 2016-12-01 00:00:00 |w 2016-12-01 |y ARXIU | ||
| 999 | |c 47165 |d 47165 | ||